| 000 | 02868nam0a2200421 4500 | ||
|---|---|---|---|
| 001 | RU\NLR\BIBL_A\011555438 | ||
| 005 | 20260409075434.0 | ||
| 010 |
_a9785904740641 _9100 |
||
| 021 |
_aRU _b2017-88452 _96320 |
||
| 035 | _a(RuMoRGB)009458685 | ||
| 035 | _a(NLR Aleph) 011555438 | ||
| 090 |
_a12257992 _c12257992 |
||
| 100 | _a20171211d2017 k y0rusy50 ca | ||
| 101 | 0 | _arus | |
| 102 | _aRU | ||
| 105 | _aa|||z|||000zy | ||
| 200 | 1 |
_aТеория и практика социально-педагогического сопровождения личности, оказавшейся в трудной жизненной ситуации _eколлективная монография _f[Бабицкая Людмила Адамовна, Бахарева Елена Владимировна, Беринская Инна Владимировна и др. _gнаучный редактор: О. А. Лапина, д-р пед. наук, проф.] _gМинистерство образования и науки РФ, Федеральное государственное бюджетное образовательное учреждение высшего образования "Иркутский государственный университет", Педагогический институт, Кафедра социальной педагогики и психологии |
|
| 210 |
_aИркутск _cИркут _d2017 |
||
| 215 |
_a220 с. _cил., табл. _d20 |
||
| 300 | _aАвт. указаны на обороте тит. л. | ||
| 320 | _aБиблиогр. в конце гл. | ||
| 606 |
_aДети, оказавшиеся в трудной жизненной ситуации _xПсихологическая помощь _92322057 _3RU\NLR\AUTH\6601613891 |
||
| 606 |
_aДети "группы риска" _xПедагогическая поддержка _3RU\NLR\AUTH\661460207 _92456742 |
||
| 686 |
_aЮ937-69,0 _2rubbk |
||
| 686 |
_aЮ949.2с,0 _2rubbk |
||
| 686 | 1 | _aЧ421.334 | |
| 686 | 1 | _aЮ984.92 | |
| 686 | 1 | _aС550.325 | |
| 701 | 1 |
_aБабицкая _bЛ. А. _cканд. пед. наук _gЛюдмила Адамовна _9184305 _3RU\NLR\AUTH\770184356 |
|
| 701 | 1 |
_aБахарева _bЕ. В. _gЕлена Владимировна |
|
| 701 | 1 |
_aБеринская _bИ. В. _cканд. пед. наук _gИнна Владимировна _9184302 _3RU\NLR\AUTH\770184353 |
|
| 702 | 1 |
_aЛапина _bО. А. _gОлимпиада Александровна _4340 |
|
| 712 | 0 | 2 |
_4220 _aИркутский государственный университет _bПедагогический институт _bКафедра социальной педагогики и психологии _9544767 _3RU\NLR\AUTH\880440289 |
| 942 | _cBOOK | ||
| 980 | _aNBR | ||